[Event "Dueville op-B 1st"]
[Site "Dueville"]
[Date "2023.06.03"]
[Round "2"]
[White "Steger, Andreas"]
[Black "Belloni, Umberto"]
[Result "1/2-1/2"]
[WhiteElo "1587"]
[BlackElo "1493"]
[PlyCount "118"]
[EventDate "2023.06.01"]
[EventType "swiss"]
[EventRounds "5"]
[EventCountry "ITA"]
[SourceTitle "EXT 2024"]
[Source "ChessBase"]
[SourceDate "2023.10.10"]
[SourceVersion "1"]
[SourceVersionDate "2023.10.10"]
[SourceQuality "1"]

1. d4 d5 2. c4 c6 3. Nf3 Bf5 4. e3 e6 5. Nc3 Bd6 6. Bd3 Bxd3 7. Qxd3 dxc4 8. Qxc4 Nf6 9. 0-0 b5 10. Qd3 Nbd7 11. Ne4 Be7 12. Bd2 0-0 13. Rac1 Rc8 14. Nxf6+ Bxf6 15. Bb4 Re8 16. Qa3 Qc7 17. Bd6 Qb7 18. Rfd1 Nb6 19. Nd2 Be7 20. Rc2 Bxd6 21. Qxd6 Qe7 22. Ne4 Nc4 23. Qxe7 Rxe7 24. b3 Na5 25. Rdc1 Rd8 26. Rc5 f5 27. Ng5 h6 28. Nf3 Rd5 29. Ne5 Rxc5 30. Rxc5 Rc7 31. Kf1 Kf8 32. b4 Nc4 33. Rxc6 Rxc6 34. Nxc6 a6 35. Ke2 Ke8 36. Kd3 Nd6 37. Nb8 g5 38. Nxa6 h5 39. Nc5 Ke7 40. a4 bxa4 41. Nxa4 g4 42. Nc5 h4 43. f3 h3 44. gxh3 gxf3 45. Kd2 Nc4+ 46. Ke1 Nxe3 47. b5 Nc2+ 48. Kf2 Nxd4 49. b6 e5 50. b7 Nc6 51. Kxf3 Nd4+ 52. Ke3 Nc6 53. Na6 Kf6 54. b8Q Nxb8 55. Nxb8 f4+ 56. Kf3 Kf5 57. Nc6 e4+ 58. Kf2 Kg5 59. Nd4 Kh4 1/2-1/2

[Event "Montebelluna op-B 5th"]
[Site "Montebelluna"]
[Date "2007.03.11"]
[Round "4"]
[White "Bortolotto, Denzio"]
[Black "Steger, Andreas"]
[Result "0-1"]
[WhiteElo "1611"]
[BlackElo "1503"]
[PlyCount "41"]
[EventDate "2007.03.09"]
[EventType "swiss"]
[EventRounds "5"]
[EventCountry "ITA"]
[SourceTitle "EXT 2008"]
[Source "ChessBase"]
[SourceDate "2007.11.25"]
[SourceVersion "1"]
[SourceVersionDate "2007.11.25"]
[SourceQuality "1"]

1. d4 e6 2. c4 d5 3. Nc3 Nf6 4. Bg5 Nbd7 5. cxd5 exd5 6. Nxd5 Nxd5 7. Bxd8 Bb4+ 8. Qd2 Kxd8 9. e4 Bxd2+ 10. Kxd2 N5b6 11. Nf3 f6 12. Rd1 Re8 13. Bd3 c5 14. b3 cxd4 15. Nxd4 Nc5 16. Bb5 Nxe4+ 17. Kc2 Bd7 18. Bxd7 Nxd7 19. Rhe1 Rc8+ 20. Kb2 Nxf2 21. Rf1 0-1